Refugees and Human Rights: a research and policy agenda
La preocupación central de este documento gira en torno a la necesidad de que grupos dedicados al problema de los refugiados y de los derechos humanos encuentren formas eficientes de trabajar conjuntamente, pues un trabajo unido sería más eficiente y redundaría en beneficio de los refugiados. Este d...
Sábháilte in:
| Údar corparáideach: | |
|---|---|
| Formáid: | Téacs |
| Teanga: | Spanish |
| Foilsithe / Cruthaithe: |
Washington, D. C. :
1989
|
| Ábhair: | |
| Clibeanna: |
Cuir clib leis
Níl clibeanna ann, Bí ar an gcéad duine le clib a chur leis an taifead seo!
|
MARC
| LEADER | 00000 a a2200000 04500 | ||
|---|---|---|---|
| 001 | 2104 | ||
| 003 | cru CIDCACS/IIS | ||
| 005 | 20230313104914.0 | ||
| 008 | 230313b |||||||| |||| 00| 0 spa d | ||
| 040 | |c cru CIDCACS/IIS | ||
| 090 | |a 10713.00 | ||
| 110 | |a Refugee Policy Group | ||
| 245 | |a Refugees and Human Rights: |b a research and policy agenda | ||
| 260 | |a Washington, D. C. : |c 1989 | ||
| 300 | |a 16 p | ||
| 520 | |a La preocupación central de este documento gira en torno a la necesidad de que grupos dedicados al problema de los refugiados y de los derechos humanos encuentren formas eficientes de trabajar conjuntamente, pues un trabajo unido sería más eficiente y redundaría en beneficio de los refugiados. Este documento estudia las formas en que ambos grupos pueden trabajar y propone estrategias al respecto. Algunas de las actividades que se sugieren son: la investigación, el análisis de políticas, reuniones y debates para identificar puntos de interés común, y el desarrollo de metas claras para institucionalizar el trabajo cojunto. Entre los temas discutidos se encuentran: las causas y respuestas al movimiento de refugiados, los derechos de los refugiados, la estructuración de grupos de trabajo con refugiados y derechos humanos. AB/MR | ||
| 650 | |a REFUGIADOS | ||
| 650 | |a TRANSFERENCIAS DE POBLACION | ||
| 650 | |a MIGRACION | ||
| 650 | |a DERECHOS HUMANOS | ||
| 942 | |2 ddc |c LI | ||
| 999 | |c 14064 |d 14064 | ||
